000 00290nam a22001337a 4500
008 170930b xxu||||| |||| 00| 0 eng d
020 _a9780078038891
041 _aeng
080 _a37
100 _a47
101 _aEDU
245 _aCOURSE READER HIS 108
_cCALVERT, J
942 _2udc
_cBK
999 _c31039
_d31039